Statistics for Title in the Lyrics -- Songs That Start With A

Click here to take the quiz!

General Stats

  • This quiz has been taken 830 times
    (670 since last reset)
  • The average score is 7 of 15

Answer Stats

Lyrics Title % Correct
So bye-bye, miss ________ ___ / Drove my Chevy to the levee but the levee was dryAmerican Pie
87%
Don't call my name / Don't call my name / _________ / I'm not your babe / I'm not your babe / FernandoAlejandro
83%
Don't wanna be an ________ _____ / Don't want a nation under the new maniaAmerican Idiot
70%
_______ _____, how sweet the sound / That saved a wretch like meAmazing Grace
69%
But don't tell my heart, my _____ ______ _____ / I just don't think he'd understandAchy Breaky Heart
62%
I've been through the desert on _ _____ ____ __ ____ / It felt good to get out of the rainA Horse With No Name
56%
It's been _ ____ _____ _____, and I've been working like a dog / It's been _ ____ _____ _____, I should be sleeping like a logA Hard Day's Night
55%
_____ __ ________ when she's gone / It's not warm when she's awayAin't No Sunshine
48%
__ ____ / My love has come along / My lonely days are over / And life is like a songAt Last
31%
__ ____ __ ___ ____ __ / We could be starving, we could be homeless, we could be brokeAs Long As You Love Me
29%
________ _____, stay away from me / ________ _____, mama let me beAmerican Woman
27%
I'm gonna take you by surprise and make you realize, ______ / I'm gonna tell you right away, I can't wait another day, ______Amanda
12%
I know I know for sure / That life is beautiful ______ ___ _____ / I know I know it's you / You say hello and then I say I doAround the World
8%
You and me are through though, watch me hit it solo / I'mma do it ________ (yeah) / Whoa-oh-oh-oh-oh, oh-oh-oh-oh-oh / I'mma do it ________ (yeah)Acapella
7%
It's _ _________ _______, Ahhhh / I think I'll go outside for a while / And just smileA Beautiful Morning
6%

Score Distribution

Percentile by Number Answered

Percent of People with Each Score

Your Score History

You have not taken this quiz since the last reset